La fotografía (Record no. 111156)

MARC details
000 -LEADER
campo de control de longitud fija 00686nam a2200217 i 4500
001 - NÚMERO DE CONTROL
campo de control 111156
003 - IDENTIFICADOR DE NÚMERO DE CONTROL
campo de control ES-MaACL
005 - FECHA Y HORA DE LA ÚLTIMA TRANSACCIÓN
campo de control 20250728030931.0
007 - CAMPO FIJO DE DESCRIPCIÓN FÍSICA--INFORMACIÓN GENERAL
campo de control de longitud fija t|
008 - DATOS DE LONGITUD FIJA--INFORMACIÓN GENERAL
campo de control de longitud fija 061121s1958 sp r ||||1| spa d
100 1# - ENTRADA PRINCIPAL--NOMBRE DE PERSONA
Nombre de persona Neblete, C. B.
9 (RLIN) 85261
245 13 - MENCIÓN DEL TÍTULO
Título La fotografía
Resto del título : sus materiales y procedimientos /
Mención de responsabilidad, etc. C. B. Neblete; traducción española por Miguel Solís.
260 ## - PUBLICACIÓN, DISTRIBUCIÓN, ETC.
Lugar de publicación, distribución, etc. Barcelona :
Nombre del editor, distribuidor, etc. Omega,
Fecha de publicación, distribución, etc. 1958.
300 ## - DESCRIPCIÓN FÍSICA
Extensión 491 p., 2 lám. ;
Dimensiones 24 cm.
490 1# - MENCIÓN DE SERIE
Mención de serie Foto biblioteca
650 07 - PUNTO DE ACCESO ADICIONAL DE MATERIA--TÉRMINO DE MATERIA
Término de materia o nombre geográfico como elemento de entrada Fotografía
Fuente del encabezamiento o término embne
9 (RLIN) 12943
700 1# - ENTRADA AGREGADA--NOMBRE PERSONAL
Nombre de persona Solís, Miguel.
9 (RLIN) 107214
830 0# - PUNTO DE ACCESO ADICIONAL DE SERIE-TÍTULO UNIFORME
Título uniforme Foto biblioteca
9 (RLIN) 181378
852 ## - LOCALIZACIÓN
Ubicación ES-MaACL
Número de control de estantería C-14967
Sublocalización o colección R.43010
Holdings
Estatus retirado Estado de pérdida Estado de daño No para préstamo Biblioteca de origen Biblioteca actual Ubicación en estantería Fecha de adquisición Fuente de adquisición Total de préstamos Signatura topográfica completa Código de barras Visto por última vez Precio de reemplazo Tipo de ítem Koha
        Biblioteca del Ateneo de Madrid Biblioteca del Ateneo de Madrid Ficheros 17/01/2008     C-14967 1115971 23/02/2023 23/02/2023 Libro impreso